000 00667nam a2200217Ii 4500
003 JO-AjNU
008 230605s9999||||xx |||||||||||||| ||und||
017 _a92/8962
020 _a977-270-039-5
040 _aJO-AjNU
_bara
_erda
_cJO-AjNU
041 _aara
050 1 4 _aR114 .M8378 1997
100 3 _aعبدالصمد ، كامل,
_eauthor
_915572
245 0 0 _aثبت علميا، ج2
264 3 1 _aلقاهرة:الدار المصرية اللبنانيه ، 1997
300 _aج2، 331ص
336 _atext
_btxt
_2rdacontent
337 _aunmediated
_bn
_2rdamedia
338 _avolume
_bnc
_2rdacarrier
650 4 _aمتفرقات - صحة عامة
_915573
999 _aA4429
_c7997
_d7997